Measurement using the new rules of measurement / (Record no. 121337)
[ view plain ]
| 000 -LEADER | |
|---|---|
| fixed length control field | 01174pam a2200337 i 4500 |
| 005 - DATE AND TIME OF LATEST TRANSACTION | |
| control field | 20230125150009.0 |
| 008 - FIXED-LENGTH DATA ELEMENTS--GENERAL INFORMATION | |
| fixed length control field | 130712s2013 enka b 001 0 eng |
| 010 ## - LIBRARY OF CONGRESS CONTROL NUMBER | |
| LC control number | 2013027316 |
| 020 ## - INTERNATIONAL STANDARD BOOK NUMBER | |
| ISBN | 9781118333013 |
| Qualifying information | paperback |
| 041 ## - LANGUAGE CODE | |
| Language code of text/sound track or separate title | eng |
| 082 00 - DEWEY DECIMAL CLASSIFICATION NUMBER | |
| Classification number | 692.5 |
| 100 1# - MAIN ENTRY--PERSONAL NAME | |
| Personal author | Ostrowski, Sean D. C., |
| Relator term | author. |
| 245 10 - TITLE STATEMENT | |
| Title | Measurement using the new rules of measurement / |
| Statement of responsibility, etc | Sean D.C. Ostrowski. |
| 264 #1 - PRODUCTION, PUBLICATION, DISTRIBUTION, MANUFACTURE, AND COPYRIGHT NOTICE | |
| Place of production, publication, distribution, manufacture | Chichester, West Sussex : |
| Name of producer, publisher, distributor, manufacturer | Wiley Blackwell, |
| Date of production, publication, distribution, manufacture, or copyright notice | 2013. |
| 264 #4 - PRODUCTION, PUBLICATION, DISTRIBUTION, MANUFACTURE, AND COPYRIGHT NOTICE | |
| Date of production, publication, distribution, manufacture, or copyright notice | ©2013 |
| 300 ## - PHYSICAL DESCRIPTION | |
| Physical description | xxii, 343 pages : |
| Other physical details | illustrations ; |
| Dimensions | 25 cm |
| 504 ## - BIBLIOGRAPHY, ETC. NOTE | |
| Bibliography, etc | Includes bibliographical references and index. |
| 520 ## - ABSTRACT | |
| Abstract | "This guide explains the process of measurement under the NRM with plenty of diagrams, worked examples and explanations"-- |
| Assigning source | Provided by publisher. |
| 610 20 - SUBJECT ADDED ENTRY--CORPORATE NAME | |
| Corporate name or jurisdiction name as entry element | Royal Institution of Chartered Surveyors |
| 650 #0 - KEYWORDS | |
| Keywords | Measurement |
| 650 #0 - KEYWORDS | |
| Keywords | Measurement. |
| 651 ## - SUBJECT ADDED ENTRY--GEOGRAPHIC NAME | |
| Geographic name | International |
| 690 ## - BROAD SUBJECT | |
| 9 (RLIN) | 6256 |
| Broad subject | Measurement |
| 700 ## - ADDED PERSONAL NAME | |
| Added personal author | Ostrowski, Sean |
| 942 ## - ADDED ENTRY ELEMENTS (KOHA) | |
| Suppress in OPAC | Do not suppress in OPAC |
| 336 ## - CONTENT TYPE | |
| Content type term | text |
| Source | rdacontent |
| 336 ## - CONTENT TYPE | |
| Content type term | still image |
| Source | rdacontent |
| 337 ## - MEDIA TYPE | |
| Media type term | unmediated |
| Source | rdamedia |
| 338 ## - CARRIER TYPE | |
| Carrier type term | volume |
| Source | rdacarrier |
| Lost status | Damaged status | Not for loan | Home library | Current library | Shelving location | Date acquired | Total Checkouts | Full call number | Date last seen | Price effective from | Koha item type |
|---|---|---|---|---|---|---|---|---|---|---|---|
| Not For Loan | London | London | Books | 25/01/2023 | 692.5 | 25/01/2023 | 25/01/2023 | Book |